000 00331nam a2200133Ia 4500
008 240624s9999 xx 000 0 und d
041 _aeng
082 _a338.1 LAP
100 _aLAPPE MOORE FRANCES
245 _aWORLD HUNGER 10 MYTHS
260 _c2015
_aNew Jersey
_bGrove Press
300 _axiii,396P. ; 23cm.
365 _c
_b33
999 _c32810
_d32810